1712 1783 1268 1207 1504 1337 1133 1969 1056 1288 1530 1452 1853 1205 1175 1519 1935 1340 1380 1458 1859 1217 1162 1904 1202 1076 1485 1596 1430 1403 1405 1494 1224 1542 1380 1489 1796 1231 1893 1176 1327 1828 1781 1149 1224 1817 1474 1969 1143 1302 1511 1764 1498 1265 1129 1486 1694 1268 1737 1686 1971 1590 1813 1142 1069 1481 1236 1889 1239 1125 1596 1825 1925 1765 1511 1622 1954 1926 1771 1724 1513 1422 1449 1484 1465 1055 1220 1352 1974 1806 1568 1966 1640 1288 1961 1251 1215 1223 1985 BCNSPRNW ULIB Ver.6.0+V

เปลี่ยนเป็นภาษาไทย

Change to English
 แสดงรายละเอียดบรรณานุกรม
  กลับหน้าหลัก

Brief Record : Get Marc (ISO 2709) : E-mail record : QR code < ปิดหน้าต่าง
LEADER : 00000nam 2200000uu 4500
001    13399114341
003     ULIB
008    120323s2550||||th 000 0 tha d
020    ^a9749698185
020    ^a9789749698181
050  4 ^aPE1130.T5^bi951ภ 2550
100 1  ^aไรท์, คริสโตเฟอร์
245 10 ^aภาษาอังกฤษแบบฝรั่งเข้าใจคนไทยเก็ท :^bสไตล์ครูเด็กแนว /^cChristopher Wright
250    ^aพิมพ์ครั้งที่ 12
260    ^aกรุงเทพฯ :^bเนชั่นมัลติมีเดีย กรุ๊ป,^c2550
300    ^a183 [4] หน้า :^bภาพประกอบ ;^c21 ซม.
650  4 ^aภาษาอังกฤษ^xการใช้ภาษา
945    ^p160^l0^i14141
995    ^aกัณชพร
999 ^a ใช้งานได้ทุกระบบ
รายการนี้ยังไม่มีแท็ก
คุณยังไม่ได้ล็อกอิน คุณสามารถมีกิจกรรมร่วมกับเว็บไซต์ได้ แต่ต้องล็อกอินก่อน ::
  ล็อกอิน

รายการสื่อสารสนเทศ

ลำดับที่ ประเภท เลขเรียก/บาร์โค้ด สถานที่ สถานะ
- ไม่พบข้อมูล -

รายการใกล้เคียง
    ผู้แต่ง [ไรท์, คริสโตเฟอร์]

    หัวเรื่อง [ภาษาอังกฤษ การใช้ภาษา]

BibComment


ยังไม่เคยถูกคอมเมนท์

คอมเมนท์ทรัพยากรรายการนี้
  คอมเมนท์: ภาษาอังกฤษแบบฝรั..


 Copyright 2026. Bcnsprnw @Library